000 00584nam a22001817a 4500
005 20231106100143.0
008 231106b |||||||| |||| 00| 0 eng d
020 _a0409063835 ; 0409063843
041 _aEnglish
082 _a346.5 WIE
100 _aWiechers, NJ and Vorster, I
_lEnglish
245 _aAdministration of Estates /
_cNJ Wiechers and I Vorster
250 _aEnglish Edition
260 _aDurban :
_bButterworth Publishers (Pty) Ltd,
_c1996
300 _bxi, 49 pages ;
_c26 cm.
650 _aLegal practice
_bLaw
942 _cBK
_6ALISON_BN_VRIES
999 _c304
_d304